01540nab a2200433 i 450000100060000000300080000600500170001400600190003100700150005000800410006502200140010603500210012004000310014105000210017208000120019308200120020510000310021724501300024826400470037830000250042531000150045033600310046533700330049633800430052936200500057250000230062250400290064559001640067465000200083865000190085865000270087765000210090465500320092570000280095777300230098579700190100885600620102799900170108966691FlNmELB20241217142735.0m o d | cr cnu||||||||131205c20099999ve qr p o 0 b0spa d a1315-2076 a(OCoLC)934390267 aFINmELBbspaerdacFINmELB 4aBF199bT137 2009 a159.9470 a1502231 aTalavera Pereira, Rosalba.10aComportamiento de un agente inteligente :bprocesos y conceptualizaciones /cRosalba Talavera Pereira, Yelitza Marcano Aular. 1aMaracaibo :bUniversidad del Zulia,c2009. a1 recurso en línea aTrimestral atextobtxt2rdacontent/spa acomputadorabc2rdamedia/spa arecurso en líneabcr2rdacarrier/spa0 aVolumen 17. Número 1 (enero-marzo) (2009) - aContiene índice. aContiene bibliografía. aRecurso electrónico. Santa Fe, Arg.: e-libro, 2015. Disponible vía World Wide Web. El acceso puede estar limitado para las bibliotecas afiliadas a e-libro. 0aHuman behavior. 0aDown syndrome. 4aComportamiento humano. 4aInvestigación. 4aArtículos electrónicos.1 aMarcano Aular, Yelitza.0 tCienciax1315-20762 ae-libro, Corp.40uhttps://elibro.net/ereader/politecnicointernacional/16640 c66691d66691